000
00274nam a2200109Ia 4500
005
20251222144758.0
008
251222s9999||||xx |||||||||||||| ||spa||
082
_a
331.098.5/I51
245
0
_a
PerĂº: Comportamiento del Empleo Urbano 1995-96:
264
_b
INEI
942
_c
LIB
999
_c
19629
_d
19629